[Event "Porto Carras op 4th"]
[Site "Porto Carras"]
[Date "2009.07.25"]
[Round "9"]
[White "Hrisanthopoulos, Dimitrios"]
[Black "Karlovich, Anastazia"]
[Result "0-1"]
[WhiteElo "2128"]
[BlackElo "2211"]
[PlyCount "92"]
[EventDate "2009.07.18"]
[EventType "swiss"]
[EventRounds "9"]
[EventCountry "GRE"]
[SourceTitle "CBM 131 Extra"]
[Source "ChessBase"]
[SourceDate "2009.09.03"]
[SourceVersion "2"]
[SourceVersionDate "2009.09.16"]
[SourceQuality "1"]

1. e4 e5 2. Nf3 Nc6 3. Bb5 a6 4. Ba4 d6 5. Bxc6+ bxc6 6. d4 f6 7. Be3 g6 8. Qd2 Bg7 9. Nc3 Ne7 10. h4 Bg4 11. dxe5 fxe5 12. Ng5 h6 13. Nh3 Qd7 14. f3 Be6 15. Na4 c5 16. Nc3 Rb8 17. b3 Nc6 18. Nf2 Nd4 19. Ne2 Qb5 20. c4 Qd7 21. Nc3 0-0 22. Qd1 Rf7 23. Qd3 c6 24. Na4 Rb4 25. Qd1 Qd8 26. Nd3 Rb8 27. Qd2 Kh7 28. Nab2 Qe7 29. Na4 Kg8 30. Bf2 Rbf8 31. Be3 Kh7 32. Nb6 Rb8 33. Na4 Qf8 34. Bf2 Bf6 35. Be3 Be7 36. Nc3 Qd8 37. Bxh6 Rxf3 38. Bg5 Bg4 39. Nf2 Bh5 40. Rh3 Bxg5 41. hxg5 Rxh3 42. Nxh3 Qd7 43. Nf2 Rf8 44. Ncd1 Qf7 45. Rc1 Be2 46. Qe3 Bxd1 0-1

[Event "Porto Carras op 4th"]
[Site "Porto Carras"]
[Date "2009.07.24"]
[Round "8"]
[White "Koroteeva, Ksenia"]
[Black "Hrisanthopoulos, Dimitrios"]
[Result "0-1"]
[WhiteElo "1970"]
[BlackElo "2128"]
[PlyCount "72"]
[EventDate "2009.07.18"]
[EventType "swiss"]
[EventRounds "9"]
[EventCountry "GRE"]
[SourceTitle "CBM 131 Extra"]
[Source "ChessBase"]
[SourceDate "2009.09.03"]
[SourceVersion "2"]
[SourceVersionDate "2009.09.16"]
[SourceQuality "1"]

1. e4 c5 2. Nf3 Nc6 3. d4 cxd4 4. Nxd4 e5 5. Nb5 d6 6. N1c3 a6 7. Na3 b5 8. Nd5 Nge7 9. c4 Nd4 10. cxb5 Nxd5 11. exd5 Bd7 12. Bd2 axb5 13. Bd3 Be7 14. 0-0 0-0 15. Bc3 Rb8 16. Bxd4 exd4 17. Qe2 Bf6 18. Rfe1 Re8 19. Qf1 Qa5 20. Rxe8+ Bxe8 21. Re1 g6 22. f4 b4 23. Nc2 Bd7 24. f5 Kg7 25. Qf3 b3 26. axb3 Rxb3 27. fxg6 hxg6 28. Rf1 Bf5 29. Ne1 Qd2 30. g4 Qg5 31. h3 Bxd3 32. Nxd3 Qe3+ 33. Kh1 Qxf3+ 34. Rxf3 Bg5 35. Ne5 Rxf3 36. Nxf3 d3 0-1